Music Quiz

Random Music or Singers Quiz
Score 0/24 Timer 10:00
0 Plays Today
% Correct
Iron Maiden
92.8%
Pearl Jam
90.3%
Ringo Starr
85.6%
Elton John
76.3%
Blood, Sweat & Tears
75.2%
Aretha Franklin
73.1%
Smokey Robinson
72.6%
Alicia Keys
68.5%
Backstreet Boys
67.3%
Matchbox 20
66.7%
Alien Ant Farm
66.5%
Adam Lambert
57.9%
% Correct
Quarterflash
50.7%
Aerosmith
48.5%
John Cougar Mellencamp
47.7%
Neil Diamond
44.8%
Gordon Lightfoot
44.5%
UB40
44.3%
Rod Stewart
43.8%
The Presidents of the United States of America
36.8%
Tom Tom Club
31.9%
Seals and Crofts
31.9%
Juice Newton
28.6%
Roy Orbison
21.3%
Remove Ads.
Support Sporcle.
Get the best of Sporcle when you Go Orange. This ad-free experience offers more features, more stats, and more fun while also helping to support Sporcle. Thank you for becoming a member.

You're not logged in!

Compare scores with friends on all Sporcle quizzes.
OR
Log In

Show Comments

Extras

Top Quizzes Today


Score Distribution

Your Account Isn't Verified!

In order to create a playlist on Sporcle, you need to verify the email address you used during registration. Go to your Sporcle Settings to finish the process.

Report this User

Report this user for behavior that violates our Community Guidelines.

Details: